000 00397nam a22001697a 4500
003 MPLRDC
005 20220104113829.0
008 210129b ||||| |||| 00| 0 eng d
082 _a857.7 FF-6
100 _a冯冯
245 _a唱在黄昏的歌
_c
260 _a
_b皇冠出版社
_c1978
300 _b
490 _a皇冠丛书. 468
650 _a长篇小说
942 _cBK
_o857.7 FF-6
999 _c2699
_d2689